| 000 | 01026cam a2200133 4500500 | ||
|---|---|---|---|
| 005 | 20251012042500.0 | ||
| 041 | _afre | ||
| 042 | _adc | ||
| 100 | 1 | 0 |
_aElders, Leo J. _eauthor |
| 245 | 0 | 0 | _aL'éthique de Saint Thomas d'Aquin : Une lecture de La Secunda Pars de la Somme de Théologie |
| 260 |
_bL'Harmattan,
_c2005. |
||
| 520 | _aLa difficulté que l’on rencontre lorsque l’on traite de l’éthique de l’Aquinate vient de ce que Saint Thomas était avant tout un théologien. Ce qu’il a écrit sur les questions éthiques est, pour une large part, mis en avant dans les traités théologiques. Voilà pourquoi bien des études actuelles de sa pensée considèrent qu’un traité sur son éthique philosophique est impossible ou, du moins, au-delà de l’intention même de saint Thomas. Ce livre souhaite montrer que saint Thomas développa réellement une éthique philosophique. | ||
| 856 | 4 | 1 | _uhttps://shs.cairn.info/lethique-de-saint-thomas-daquin--9782747593144?lang=fr&redirect-ssocas=7080 |
| 999 |
_c1548805 _d1548805 |
||